Sports Quiz

Random Sports or Football Quiz
Score 0/44 Timer 10:00
0 Plays Today
Team and Competition Player Name % Correct
Bournemouth, Championship 2015John Ruddy
91.8%
Crystal Palace, Premier League 2015John Ruddy
91.8%
Rotherham United, Capital One Cup 2015Declan Rudd
91.8%
Manchester City, FA Cup 2016John Ruddy
91.8%
Bournemouth, Championship 2015Martin Olsson
88.8%
Manchester City, FA Cup 2016Martin Olsson
88.8%
Bournemouth, Championship 2015Alexander Tettey
87.8%
Crystal Palace, Premier League 2015Alexander Tettey
87.8%
Crystal Palace, Premier League 2015Sébastien Bassong
85.7%
Rotherham United, Capital One Cup 2015Sébastien Bassong
85.7%
Manchester City, FA Cup 2016Sébastien Bassong
85.7%
Crystal Palace, Premier League 2015Wesley Hoolahan
78.6%
Bournemouth, Championship 2015Russell Martin
69.4%
Crystal Palace, Premier League 2015Russell Martin
69.4%
Crystal Palace, Premier League 2015Robbie Brady
69.4%
Rotherham United, Capital One Cup 2015Ricky van Wolfswinkel
69.4%
Manchester City, FA Cup 2016Russell Martin
69.4%
Bournemouth, Championship 2015Steven Whittaker
58.2%
Crystal Palace, Premier League 2015Steven Whittaker
58.2%
Bournemouth, Championship 2015Jonny Howson
57.1%
Crystal Palace, Premier League 2015Jonny Howson
57.1%
Rotherham United, Capital One Cup 2015Jonny Howson
57.1%
Team and Competition Player Name % Correct
Manchester City, FA Cup 2016Youssouf Mulumbu
57.1%
Manchester City, FA Cup 2016Jonny Howson
57.1%
Bournemouth, Championship 2015Bradley Johnson
54.1%
Bournemouth, Championship 2015Nathan Redmond
54.1%
Bournemouth, Championship 2015Cameron Jerome
54.1%
Crystal Palace, Premier League 2015Bradley Johnson
54.1%
Rotherham United, Capital One Cup 2015Bradley Johnson
54.1%
Manchester City, FA Cup 2016Cameron Jerome
54.1%
Crystal Palace, Premier League 2015Graham Dorrans
37.8%
Rotherham United, Capital One Cup 2015Graham Dorrans
37.8%
Manchester City, FA Cup 2016Graham Dorrans
37.8%
Rotherham United, Capital One Cup 2015Vadis Odjidja-Ofoe
34.7%
Manchester City, FA Cup 2016Vadis Odjidja-Ofoe
34.7%
Bournemouth, Championship 2015Gary Hooper
33.7%
Rotherham United, Capital One Cup 2015Ryan Bennett
31.6%
Manchester City, FA Cup 2016Ryan Bennett
31.6%
Bournemouth, Championship 2015Michael Turner
28.6%
Crystal Palace, Premier League 2015Lewis Grabban
21.4%
Rotherham United, Capital One Cup 2015Gary O'Neil
18.4%
Rotherham United, Capital One Cup 2015Andre Wisdom
14.3%
Manchester City, FA Cup 2016Andre Wisdom
14.3%
Rotherham United, Capital One Cup 2015Harry Toffolo
13.3%
Remove Ads.
Support Sporcle.
Get the best of Sporcle when you Go Orange. This ad-free experience offers more features, more stats, and more fun while also helping to support Sporcle. Thank you for becoming a member.

You're not logged in!

Compare scores with friends on all Sporcle quizzes.
OR
Log In

Show Comments

Extras

Top Quizzes Today


Score Distribution

Your Account Isn't Verified!

In order to create a playlist on Sporcle, you need to verify the email address you used during registration. Go to your Sporcle Settings to finish the process.

Report this User

Report this user for behavior that violates our Community Guidelines.

Details: